[Event "Wloclawek CC Classic 07th"]
[Site "Wloclawek"]
[Date "2013.??.??"]
[Round "1"]
[White "Orlowski, Kuba"]
[Black "Cichocka, Katarzyna"]
[Result "0-1"]
[WhiteElo "1000"]
[BlackElo "1800"]
[PlyCount "72"]
[EventDate "2013.04.??"]
[EventType "swiss"]
[EventRounds "7"]
[EventCountry "POL"]
[SourceTitle "EXT 2021"]
[Source "ChessBase"]
[SourceDate "2020.10.23"]
[SourceVersion "1"]
[SourceVersionDate "2020.10.23"]
[SourceQuality "1"]

1. e4 c5 2. d3 Nc6 3. Be3 Nf6 4. g3 e6 5. Bg2 Be7 6. Nc3 d5 7. Nf3 d4 8. 0-0 dxe3 9. fxe3 0-0 10. Rf2 Ng4 11. Rd2 Nxe3 12. b3 Nxd1 13. Raxd1 e5 14. h3 Bg5 15. Nxg5 Qxg5 16. Kf2 Nd4 17. h4 Qg6 18. Nd5 Qd6 19. c3 Nc6 20. d4 cxd4 21. cxd4 Nxd4 22. Rxd4 exd4 23. Rxd4 Qc5 24. Ke3 f5 25. b4 Qc1+ 26. Rd2 fxe4 27. Bxe4 Qg1+ 28. Kd3 Rd8 29. a3 Be6 30. Kc3 Qc1+ 31. Rc2 Rac8+ 32. Kb3 Rxc2 33. Bxc2 Bxd5+ 34. Kc3 Rc8+ 35. Kd3 Qxc2+ 36. Ke3 Qe4+ 0-1